000 01593nam a2200349 a 4500
999 _c342228
_d342228
001 1657696
003 NUST
005 20171214093314.0
008 970128s1996 si a b 101 0 eng
010 _a 97108834
020 _a9810228295
040 _aDLC
_cDLC
043 _aa------
_ap------
050 0 0 _aTJ163.25.A78
_bA85 1996
082 0 0 _a658.408 GRE
_221
111 2 _aAsia-Pacific Conference on Sustainable Energy and Environmental Technology
_d(1996 :
_cSingapore)
_97239
245 1 0 _aProceedings of the Asia-Pacific Conference on Sustainable Energy and Environmental Technology, 19-21 June 1996, Singapore /
_ceditors, P.F. Greenfield ... [et al.] ; jointly organised by Nanyang Technological University, Singapore, University of Queensland, Australia.
246 1 8 _aSustainable energy and environmental technology
260 _aSingapore ;
_aRiver Edge, NJ :
_bWorld Scientific,
_cc1996.
300 _axix, 673 p. :
_bill. ;
_c23 cm.
500 _aP.B
504 _aIncludes bibliographical references and index.
650 0 _aPower resources
_zAsia
_xCongresses.
_97240
650 0 _aPower resources
_zPacific Area
_xCongresses.
_97241
650 0 _aEnvironmental protection
_zAsia
_xCongresses.
_97242
650 0 _aEnvironmental protection
_xPacific Area
_zCongresses.
_97243
700 1 _aGreenfield, P. F.
_q(Paul F.)
_97244
710 2 _aNanyang Technological University.
_97245
710 2 _aUniversity of Queensland.
_97246
906 _a7
_bcbc
_corignew
_d2
_encip
_f19
_gy-gencatlg
942 _2ddc
_cBK
_kIESE